|
|
|
|
| LEADER |
02535nam a2200373 a 4500 |
| 001 |
31668 |
| 003 |
BD-DhAAL |
| 005 |
20250810115532.0 |
| 008 |
170404r20182017bg ||||| |||| 00| 0 ben d |
| 020 |
|
|
|a 9840756621
|
| 020 |
|
|
|a 984075811-X
|
| 020 |
|
|
|a 9840756176
|
| 040 |
|
|
|a BD-DhAAL
|c BD-DhAAL
|
| 041 |
|
|
|a ben
|
| 082 |
|
|
|a 954.9205092
|2 23
|
| 100 |
|
|
|a মুজিবুর রহমান,
|c শেখ,
|d ১৯২০-১৯৭৫.
|9 21168
|
| 245 |
|
|
|a কারাগারের রোজনামচা /
|c শেখ মুজিবুর রহমান.
|
| 260 |
|
|
|a ঢাকা :
|b বাংলা একাডেমী,
|c ২০১৭ [নবম পুনর্মুদ্রণ ২০১৮].
|
| 300 |
|
|
|a ৩৩২ পৃষ্ঠা :
|b চিত্র ;
|c ২৪ সে.মি.
|
| 500 |
|
|
|a ইনডেক্স অন্তর্ভূক্ত
|
| 526 |
|
|
|a AAL
GenEd (Residential Campus)
|
| 541 |
|
|
|e 31668,31669,32234, 32234, 40757
|
| 600 |
|
|
|a Mujibur Rahman,
|c Sheikh,
|d 1920-1975
|v Diaries.
|9 57180
|
| 650 |
|
|
|a Ex-presidents
|z Bangladesh
|v Diaries.
|9 57178
|
| 650 |
|
|
|a Politicians
|z Bangladesh
|v Diaries.
|9 57179
|
| 651 |
|
|
|a Bangladesh
|x Politics and government
|9 21170
|
| 942 |
|
|
|2 ddc
|c BK
|
| 999 |
|
|
|c 38008
|d 38008
|
| 952 |
|
|
|0 0
|1 0
|2 ddc
|4 0
|6 954_920509200000000_MUJ
|7 0
|9 60135
|a BRACUL
|b BRACUL
|c BNC
|d 2017-04-02
|e Pathak Shamabesh
|g 360.00
|l 11
|m 68
|o 954.9205092 MUJ
|p 3010031668
|r 2022-03-30
|s 2020-03-08
|t 1
|v 400.00
|w 2017-04-02
|y BK
|
| 952 |
|
|
|0 0
|1 0
|2 ddc
|4 0
|6 954_920509200000000_MUJ
|7 0
|9 60136
|a BRACUL
|b BRACUL
|c BNC
|d 2017-04-02
|e Pathak Shamabesh
|g 360.00
|l 4
|m 81
|o 954.9205092 MUJ
|p 3010031669
|r 2024-04-23
|s 2023-08-08
|t 2
|v 400.00
|w 2017-04-02
|y BK
|
| 952 |
|
|
|0 0
|1 0
|2 ddc
|4 0
|6 954_920509200000000_MUJ
|7 0
|9 61507
|a BRACUL
|b BRACUL
|c BNC
|d 2017-10-05
|e বিশ্বসাহিত্য ভবন
|g 360.00
|l 9
|m 22
|o 954.9205092 MUJ
|p 3010032234
|r 2022-03-29
|s 2022-03-23
|t 3
|v 400.00
|w 2017-10-05
|y BK
|
| 952 |
|
|
|0 0
|1 0
|2 ddc
|4 0
|6 954_920509200000000_MUJ
|7 0
|9 61508
|a BRACUL
|b BRACUL
|c BNC
|d 2017-10-05
|e বিশ্বসাহিত্য ভবন
|g 360.00
|l 7
|m 61
|o 954.9205092 MUJ
|p 3010032235
|r 2024-12-07
|s 2024-12-02
|t 4
|v 400.00
|w 2017-10-05
|y BK
|
| 952 |
|
|
|0 0
|1 0
|2 ddc
|4 0
|6 954_920509200000000_MUJ
|7 0
|9 63698
|a SCL
|b SCL
|c GEN
|d 2018-07-11
|e Development Book Agency
|g 380.00
|l 3
|m 2
|o 954.9205092 MUJ
|p 3020009707
|r 2024-01-30
|s 2024-01-28
|t 5
|w 2018-07-11
|y BK
|
| 952 |
|
|
|0 0
|1 0
|2 ddc
|4 0
|6 954_920509200000000_MUJ
|7 0
|9 72919
|a SCL
|b SCL
|c GEN
|d 2023-01-15
|e Development Book Agency
|g 380.00
|l 0
|o 954.9205092 MUJ
|p 3020040757
|r 2023-01-15
|t 6
|v 380.00
|w 2023-01-15
|y BK
|